000 00491cam a2200193ua 4500
001 3184
005 20260515113638.0
008 111012n ii |||gr||||Z||||||asm
040 _cMAIN
082 _a891.4513
100 1 _aSarma, Satyendranath,
245 1 1 _aAsamiya upanyasar bhumika
_cby Satyendranath Sarma
250 _a1st.
260 _aGuahati:
_bSaumar Prakash,
_c2004.
300 _a124p:
_c23cm.
653 _aAssamese novel
653 _aAsamiya upanyasar bhumika
942 _cBK
999 _c3028
_d3028